Culture précise - Staline et la nation rouge - Statistiques

Statistiques générales
  • Ce quiz a été pris 70 fois
  • Le résultat moyen est 3 sur 10
Statistiques - réponses
Hint Réponse % Correct
Dans quel pays actuel est né Staline ? Georgie
98%
Quel autre dirigeant communiste a-t-il fait scrupuleusement effacer de ses photographies et tuer d'un coup de piolet dans le crâne au Mexique en 1940 ? Léon Trotski
60%
Que signifie Staline ? Homme d'acier
44%
Que voulait il devenir avant de s'intéresser au marxisme ? Prêtre
37%
Comment appelle-t-on la famine que Staline à provoqué en Ukraine tuant ainsi des millions de personnes ? Holodomor
35%
Quel instrument de musique a-t-il interdit, le jugeant décadent et occidental ? Le saxophone
25%
Quel autre géorgien était réputé pour être le second homme le plus puissant du parti sous Staline ? Lavrenti Beria
19%
Qu'a t-il commis en 1907 à Tbilissi afin de financer le parti communiste ? Un braquage
3%
A quel endroit beaucoup moins prestigieux que le mausolée de Lénine, Khrouchtchev a-t-il fait déplacer le corps de Staline ? Au pied du mur du Kremlin
0%
De quel bâtiment religieux Staline a-t-il ordonné la destruction à l'explosif en 1931 ? La cathédrale du Christ Sauveur
0%
Aucun quiz correspondant
Distribution des résultats
% des personnes avec chaque résultat
Percentile par nombre de réponses
Votre historique - résultats
Vous n’avez pas pris ce quiz